书目信息 |
| 题名: |
英语构词分析与词汇测试
|
|
| 作者: | 辛柯 , 杨云峰 编 | |
| 分册: | ||
| 出版信息: | 西安 西北工业大学出版社 1989.6 |
|
| 页数: | 526页 | |
| 开本: | 20厘米 | |
| 丛书名: | ||
| 单 册: | ||
| 中图分类: | H314.1 | |
| 科图分类: | ||
| 主题词: | 英语-构词法--高等学校--教材 , 构词法-英语--高等学校--教材 , 英语--高等学校--试题 | |
| 电子资源: | ||
| ISBN: | 7-5612-0184-2 | |
| 000 | 00906nam0 2200289 45 | |
| 001 | 0189002660 | |
| 005 | 20040509150909.9 | |
| 010 | @a7-5612-0184-2@dCNY3.28 | |
| 020 | @aCN@b89002660 | |
| 100 | @a19900816d1989 m y0chiy0120 ea | |
| 101 | 1 | @achi@aeng |
| 102 | @aCN@b610000 | |
| 105 | @ay j 000zy | |
| 106 | @ar | |
| 200 | 10 | @a英语构词分析与词汇测试@Aying yu gou ci fen xi yu ci hui ce shi@f辛 柯,杨云峰编@Fxin ke , yang yunfeng bian |
| 210 | @a西安@c西北工业大学出版社@d1989.6 | |
| 215 | @a526页@d20厘米 | |
| 300 | @a高等学校教材 | |
| 540 | 1 | @a英语 构词分析 词汇@Aying yu gou ci fen xi ci hui |
| 606 | @a英语-构词法@x高等学校@x教材 | |
| 606 | @a构词法-英语@x高等学校@x教材 | |
| 606 | @a英语@x高等学校@x试题 | |
| 690 | @aH314.1@v1980 | |
| 701 | 0 | @a辛柯@Axin ke@4编 |
| 701 | 0 | @a杨云峰@Ayang yun feng@4编 |
| 801 | 0 | @aCN@bNLC@c19900816 |
| 905 | @f2@b225778-779@dH314.1@e215 | |
| 英语构词分析与词汇测试/辛 柯,杨云峰编.-西安:西北工业大学出版社,1989.6 |
| 526页;20厘米 |
| 高等学校教材 |
| ISBN 7-5612-0184-2:CNY3.28 |
| ● |
| 相关链接 |
|
|
|
|
正题名:英语构词分析与词汇测试
索取号:H314.1/215
 
预约/预借
| 序号 | 登录号 | 条形码 | 馆藏地/架位号 | 状态 | 备注 |
| 1 | 0225778 | 000866236 | 第四借阅区/ [索取号:H314.1/215] | 在馆 | |
| 2 | 0225779 | 000866245 | 第四借阅区/ [索取号:H314.1/215] | 在馆 | |
| 3 | 0225780 | 202071391 | 第二样本阅览室/ [索取号:H314.1/215] | 在馆 |